000 00757nam a2200241 a 4500
001 43719
003 BD-RjUL
005 20211209053737.0
008 160626s1978 inua 101 0 eng
020 _a0253318068
035 _a(BD-RjUL)43837
040 _aDLC
_cDLC
_dCU
_dBD-RjUL
_beng
041 _aeng
082 0 0 _a338.18
_223
_bDIS 1978
245 0 0 _aDistortions of agricultural incentives /
_cedited by Theodore W. Schultz.
260 _aLOndon :
_bIndiana University Press,
_cc1978.
300 _aviii, 343 p. :
_bill. ;
_c24 cm.
504 _aIncludes index.
650 0 _aAgriculture
_xEconomic aspects
_vCongresses.
_9134358
650 0 _aAgriculture and state
_vCongresses.
_9134359
700 1 _aSchultz, Theodore W.
_9134360
942 _2ddc
_cBK
999 _c43719
_d43719